00777nac a22002171u 4500010001400000020002100014082001900035090001500054100003400069245005500103260004700158300002800205500002700233504003700260650004400297650003500341650002300376942002200399999001500421952012300436 a010060264 a0333541588 (pbk) a828.91209bDAV c6126d6126 aDavison, P. H. (Peter ),  aGeorge Orwell : a literary life /c Peter Davison. aBasingstoke :bMacmillan, c.1996.cc.1996. axxvii, 175 p. ;c22 cm. aDistributer: Al-Ahram. aIncludes bibliography and index. aOrwell, George, 1903-1950 -- Biography. aAuthors, English -- Biography. aEnglish literature cBBk828.91209 DAV c6126d6126 00104070aMAINbMAINc2NDd2013-11-07ePurchasel1m1o828.91209 DAVp000007655r2025-07-15 00:00:00s2021-11-14yBB